ბათუმის შოთა რუსთაველის სახელმწიფო უნივერსიტეტის ბიბლიოთეკა

Dark fire (ბიბ.ჩანაწერი № 45152)

000 -LEADER
fixed length control field 00422nam a2200205Ia 4500
001 - CONTROL NUMBER
control field 11975
003 - CONTROL NUMBER IDENTIFIER
control field GE_BSU
008 - FIXED-LENGTH DATA ELEMENTS--GENERAL INFORMATION
fixed length control field 181216s||||||||xx |||||||||||||| ||und||
020 ## - INTERNATIONAL STANDARD BOOK NUMBER
International Standard Book Number 0330411977
040 ## - CATALOGING SOURCE
Transcribing agency GE_BSU
080 ## - UNIVERSAL DECIMAL CLASSIFICATION NUMBER
Universal Decimal Classification number 821.111-311.4
100 ## - MAIN ENTRY--PERSONAL NAME
Personal name Sansom,C.J.
245 ## - TITLE STATEMENT
Title Dark fire
260 ## - PUBLICATION, DISTRIBUTION, ETC.
Place of publication, distribution, etc. London
260 ## - PUBLICATION, DISTRIBUTION, ETC.
Name of publisher, distributor, etc. Pan Books
260 ## - PUBLICATION, DISTRIBUTION, ETC.
Date of publication, distribution, etc. 2005.
300 ## - PHYSICAL DESCRIPTION
Extent 581p;18cm.
653 ## - INDEX TERM--UNCONTROLLED
Uncontrolled term Dark fire
942 ## - ADDED ENTRY ELEMENTS (KOHA)
Koha item type წიგნი
ეგზემპლარები
Withdrawn status Lost status Damaged status Not for loan Date acquired Barcode Date last seen Price effective from Koha item type
        2018-12-17 35643 2018-12-17 2018-12-17 წიგნი